005640000a220008500045001000020000002450045000203000039000655200316001047730058004201 aWinters, Alicia10aOíd la Palabra. Jeremías 7-10 +34-38 aNum. 35-36 (2000), Páginas 83-86 aJeremías 7--10 plantea la importancia de escuchar (obedecer) la palabra de Yavé entregada por medio de sus mensajeros, y su contraparte paralela en Jeremías 34--38 proporciona casos concretos que ilustran la terquedad del pueblo y sus líderes al dejar de escuchar a los profetas y despreciar la palabra.0 tRevista de Interpretación Bíblica Latinoamericana